| 000 | 00585nam a2200181 a 4500 | ||
|---|---|---|---|
| 001 | 000030436 | ||
| 005 | 20240307073942.0 | ||
| 008 | 110517s1997 dr 000 0 spa d | ||
| 040 |
_aDO-SdBNP _bspa _cBNPHU |
||
| 100 | 1 |
_aCruz, Cristina _957073 |
|
| 245 | 1 | 0 |
_aBiología I : _bmanual de prácticas / _cCristina Cruz Minier, Ana Mercedes Hernríquez. |
| 260 |
_aSanto Domingo : _bINTEC, _c1997. |
||
| 300 |
_a51 p. : _bil. ; _c28 cm. |
||
| 504 | _aBibliografía : p. 50-51 | ||
| 700 | 1 |
_aMercedes, Ana _957074 |
|
| 049 | _aBNPD | ||
| 710 | 2 |
_aInstituto Tecnológico de Santo Domingo _978911 |
|
| 999 |
_c29928 _d29928 |
||